Psychická záťaž a stres ako rizikové faktory zamestnávania pracovnej sily - migrantov z arabských krajín
Prejavy psychickej záťaže a stresu u migrantov ako potenciálnej pracovnej sily. Dôsledky záťažových situácií prejavujúce sa v správaní migrantov.
Guardado en:
| Autor principal: | |
|---|---|
| Formato: | Capítulo de libro |
| Lenguaje: | eslovaco |
| Materias: | |
| Etiquetas: |
Sin Etiquetas, Sea el primero en etiquetar este registro!
|
MARC
| LEADER | 00000nla a2200000 4500 | ||
|---|---|---|---|
| 001 | 0213367 | ||
| 005 | 20240502073545.1 | ||
| 041 | 0 | |a slo | |
| 044 | |a SK | ||
| 245 | 1 | 0 | |a Psychická záťaž a stres ako rizikové faktory zamestnávania pracovnej sily - migrantov z arabských krajín |c Natália Matkovčíková |
| 520 | |a Prejavy psychickej záťaže a stresu u migrantov ako potenciálnej pracovnej sily. Dôsledky záťažových situácií prejavujúce sa v správaní migrantov. | ||
| 610 | 2 | 0 | |a migrácia |
| 610 | 2 | 0 | |a cudzinci |
| 610 | 2 | 0 | |a stresy |
| 610 | 2 | 0 | |a adaptácia |
| 610 | 2 | 0 | |a trh práce |
| 100 | 1 | |a Matkovčíková, Natália, 1982- | |